Statistiques concernant Classement FIFA

Cliquez ici pour prendre le quiz!

Statistiques générales

  • Ce quiz a été pris 1 546 fois
    (1 362 depuis la dernière actualisation)
  • Le résultat moyen est 17 sur 20

Statistiques - réponses

ClassementÉquipePointsProgression% Correct
2France1733=
100%
9Argentine1623=
98%
3Brésil1712=
98%
1Belgique1765=
97%
8Espagne1636=
96%
4Angleterre1661=
95%
7Portugal1639=
95%
13Italie1607=
93%
15Allemagne1602=
92%
6Croatie1642=
85%
5Uruguay1645=
83%
14Pays-Bas1604=
82%
12Suisse1608=
80%
10Colombie1622=
77%
11Mexique1621=
75%
17Suède1579=
73%
19Pologne1559=
72%
16Danemark1598=
69%
17Chili1579=
67%
20Sénégal1555=
66%

Distribution des résultats

Percentile par nombre de réponses

% des personnes avec chaque résultat

Votre développement - résultats

Vous n’avez pas pris ce quiz depuis la dernière actualisation